000 00361nam a2200145Ia 4500
005 20250508045037.0
008 240331s9999 xx 000 0 und d
082 _bBAL
_a894
100 _aBalaubramaniam, R
245 0 _aAvanum sila varudangalum
260 _aChennai
_bKumaran Publications
_c2000
300 _a256 p .,
500 _aA Social Novel
942 _cL
999 _c4338
_d4338